| 000 | 00545nam a2200193Ia 4500 | ||
|---|---|---|---|
| 008 | 191130s2009##################000#0#eng## | ||
| 020 | _a9780786950157 | ||
| 022 | _a2010414035 | ||
| 040 |
_aACL _cACL |
||
| 082 | _a813.54 GRE | ||
| 100 | _aGreenwood, Ed | ||
| 245 |
_aThe sword never sleeps _cby Ed Greenwood |
||
| 260 |
_aRenton, WA _bWizards of the Coast _c2009 |
||
| 300 | _a372 p. ; 18 cm | ||
| 650 | _aForgotten realms (Imaginary place) - Fiction | ||
| 990 | _a4a69e6d9ac10000c08ed6705faacedb6 | ||
| 991 | _a293141 | ||
| 999 |
_c72165 _d72165 |
||